Ecology, Systematics, and the Natural History of Predaceous Diving Beetles (Coleoptera: Dytiscidae) / (Record no. 4406)
[ view plain ]
| 000 -LEADER | |
|---|---|
| fixed length control field | 02171nam a22002057a 4500 |
| 003 - CONTROL NUMBER IDENTIFIER | |
| control field | OSt |
| 005 - DATE AND TIME OF LATEST TRANSACTION | |
| control field | 20260313104033.0 |
| 008 - FIXED-LENGTH DATA ELEMENTS--GENERAL INFORMATION | |
| fixed length control field | 260313b |||||||| |||| 00| 0 eng d |
| 020 ## - INTERNATIONAL STANDARD BOOK NUMBER | |
| International Standard Book Number | 9789401791090 |
| 040 ## - CATALOGING SOURCE | |
| Original cataloging agency | DLC |
| Language of cataloging | en |
| Transcribing agency | DLC |
| 050 ## - DUCE LIBRARY CALL NUMBER | |
| Classification number | DUCE QH541 |
| 245 ## - TITLE STATEMENT | |
| Title | Ecology, Systematics, and the Natural History of Predaceous Diving Beetles (Coleoptera: Dytiscidae) / |
| Statement of responsibility, etc. | edited by Donald A. Yee. |
| 260 ## - PUBLISHER | |
| Place of publication | London: |
| Name of publisher | Springer Netherlands , |
| Date of publication | 2014. |
| 300 ## - PHYSICAL DESCRIPTION | |
| Volume, Pages | XVIII, 468 p.; |
| Other physical details | ill.; |
| Dimensions | 25cm. |
| 500 ## - GENERAL NOTE | |
| General note | Includes bibliographical references and index |
| 520 ## - ABSTRACT | |
| Summary, etc. | This comprehensive book provides one of the most complete overviews of the aquatic beetles in the family Dytiscidae, also known as predaceous diving beetles. Dytiscids constitute one of the largest families of freshwater insects with approximately 4,200 named species that come in a variety of sizes, colors, and habitat affinities. Although dytiscid adults and larvae are ubiquitous throughout a variety of aquatic habitats, and are important predators on other aquatic invertebrates and vertebrates, there are no compilations that have focused on summarizing the knowledge on aspects of their ecology, systematics, and biology. Chapters in this book summarize hitherto scattered topics, including their anatomy and habitats, chemical and community ecology, phylogenies and larval morphology including chaetotaxy, sexual systems, predation, dispersal, conservation, and cultural and historical aspects. This knowledge is potentially beneficial to anyone working in aquatic systems where dytiscids are an important part of the food web. Moreover, readers will gain a greater appreciation of dytiscids as model organisms for investigations of fundamental principles derived from ecological and evolutionary theory. Contributed chapters are by authors who are actively engaged in studying dytiscids, and each chapter provides color photos and future directions for research |
| Uniform Resource Identifier | <a href="http://172.20.27.22:4000/handle/123456789/134">http://172.20.27.22:4000/handle/123456789/134</a> |
| 700 ## - OTHER AUTHOR(S)/ EDITOR(S) | |
| Personal name | Donald A. Yee |
| Relator term | editor |
| Fuller form of name | Donald A. Yee |
| 856 ## - ELECTRONIC LOCATION AND ACCESS | |
| Link text | http://172.20.27.22:4000/handle/123456789/134 |
| Uniform Resource Identifier | <a href="http://172.20.27.22:4000/handle/123456789/134">http://172.20.27.22:4000/handle/123456789/134</a> |
| 942 ## - ADDED ENTRY ELEMENTS (KOHA) | |
| Source of classification or shelving scheme | Library of Congress Classification |
| Koha item type | Books |
| Suppress in OPAC | No |
| Withdrawn status | Lost status | Source of classification or shelving scheme | Damaged status | Not for loan | Home library | Current library | Shelving location | Date acquired | Total checkouts | Full call number | Date last seen | Price effective from | Koha item type |
|---|---|---|---|---|---|---|---|---|---|---|---|---|---|
| Library of Congress Classification | DUCE LIBRARY | DUCE LIBRARY | Science: Shelf QH47.C68 – QH583.2.C45 | 03/13/2026 | DUCE QH541 | 03/13/2026 | 03/13/2026 | Books |